000 00456cam a2200181ua 4500
020 _c14.40
041 _aeng
_h
082 _a330.9
_bSCH/EC
100 _aSchumpeter, Joseph .
245 _aEconomic doctrine and method /
_cJoseph Schumpeter.
_hTextual Documents
250 _a1 /
_b.
260 _aLondon :
_bGeorge Allen & Unwin Ltd ,
_c1957.
300 _a207 ; .
365 _a14.40
504 _a
942 _cBK
999 _c12101
_d12101